Phoenix Suns Leaders Per Year - Statistics

General Stats
  • This quiz has been taken 2,757 times
    78 since last reset
  • The average score is 17 of 72
Answer Stats
Player % Correct
Devin Booker
100%
Steve Nash
88%
Kevin Durant
85%
Amar'e Stoudemire
75%
Deandre Ayton
75%
Charles Barkley
73%
Chris Paul
68%
Hot Rod Williams
66%
Mark Williams
66%
Bradley Beal
51%
Shaquille O'Neal
49%
Dennis Johnson
46%
Jusuf Nurkić
46%
Kevin Johnson
46%
Shawn Marion
46%
Jason Kidd
41%
Nick Richards
37%
Mikal Bridges
36%
Goran Dragic
29%
Tom Chambers
29%
Eric Bledsoe
25%
Josh Jackson
25%
Mark West
22%
Paul Westphal
22%
Walter Davis
20%
Alvan Adams
19%
Clifford Robinson
19%
Leandro Barbosa
19%
Stephon Marbury
19%
Truck Robinson
19%
Tyson Chandler
19%
Jordan Goodwin
17%
Oliver Miller
17%
Larry Nance
15%
Marcin Gortat
15%
Miles Plumlee
15%
Ricky Rubio
15%
PJ Tucker
14%
Robin Lopez
14%
Alex Len
12%
Bismack Biyombo
12%
Connie Hawkins
12%
Dick Van Arsdale
12%
Jeff Hornacek
12%
Rex Chapman
12%
Jared Dudley
10%
Richard Dumas
10%
Marquese Chriss
8%
Ron Lee
8%
Antonio McDyess
7%
Charlie Scott
7%
Danny Manning
7%
JaVale McGee
7%
Neal Walk
7%
Tom Gugliotta
7%
Andrew Lang
5%
Gar Heard
5%
Richaun Holmes
5%
Curtis Perry
3%
Don Buse
3%
Elliot Perry
3%
Gail Goodrich
3%
Maurice Lucas
3%
Ronnie Price
3%
Tim Perry
3%
Bo Outlaw
2%
Kyle Macy
2%
Xavier McDaniel
2%
Clem Haskins
0%
Jay Humphries
0%
Jim Fox
0%
Paul Silas
0%
No matching quizzes found
Score Distribution
Percent of People with Each Score
Percentile by Number Answered
Your Score History
You have not taken this quiz since the last reset